<?xml version="1.0" encoding="UTF-8"?>
<record
    xmlns:xsi="http://www.w3.org/2001/XMLSchema-instance"
    xsi:schemaLocation="http://www.loc.gov/MARC21/slim http://www.loc.gov/standards/marcxml/schema/MARC21slim.xsd"
    xmlns="http://www.loc.gov/MARC21/slim">

  <leader>01425nam a2200289 a 4500</leader>
  <controlfield tag="001">64199</controlfield>
  <controlfield tag="003">BD-RjUL</controlfield>
  <controlfield tag="005">20211209081300.0</controlfield>
  <controlfield tag="008">170126s1963    pk       s   o00| 0 eng  </controlfield>
  <datafield tag="020" ind1=" " ind2=" ">
    <subfield code="c">: PRs. 3.50</subfield>
  </datafield>
  <datafield tag="035" ind1=" " ind2=" ">
    <subfield code="a">(BD-RjUL)64329</subfield>
  </datafield>
  <datafield tag="040" ind1=" " ind2=" ">
    <subfield code="a">DLC</subfield>
    <subfield code="c">DLC</subfield>
    <subfield code="d">DLC</subfield>
    <subfield code="d">BD-RjUL</subfield>
    <subfield code="b">eng</subfield>
  </datafield>
  <datafield tag="041" ind1=" " ind2=" ">
    <subfield code="a">eng</subfield>
  </datafield>
  <datafield tag="082" ind1=" " ind2=" ">
    <subfield code="a">304.609549021</subfield>
    <subfield code="2">23</subfield>
    <subfield code="b">BAH 1963 (DCR)</subfield>
  </datafield>
  <datafield tag="110" ind1=" " ind2=" ">
    <subfield code="a">Pakistan.</subfield>
    <subfield code="b">Ministry of Home and Kashmir Affairs (Home Affairs Division).</subfield>
    <subfield code="9">186432</subfield>
  </datafield>
  <datafield tag="245" ind1="1" ind2="0">
    <subfield code="a">Population census of Pakistan, 1961 : </subfield>
    <subfield code="b">District census report, Bahawalpur. Parts I-V : General description, general tables, housing tables, population tables, and village statistics. / </subfield>
    <subfield code="c">Pakistan. Ministry of Home and Kashmir Affairs (Home Affairs Division) ; Census organization (Pakistan) ; A. Rashid, [comp.]</subfield>
  </datafield>
  <datafield tag="246" ind1=" " ind2=" ">
    <subfield code="a">District census report, Bahawalpur:</subfield>
    <subfield code="b">Parts I-V : General description, general tables, housing tables, population tables, and village statistics. </subfield>
  </datafield>
  <datafield tag="260" ind1=" " ind2=" ">
    <subfield code="a">Karachi : </subfield>
    <subfield code="b">Manager of publications,</subfield>
    <subfield code="c">[1963].</subfield>
  </datafield>
  <datafield tag="300" ind1=" " ind2=" ">
    <subfield code="a">various pagings :</subfield>
    <subfield code="b">Ill. ;</subfield>
    <subfield code="c">25 cm.</subfield>
  </datafield>
  <datafield tag="490" ind1=" " ind2=" ">
    <subfield code="a">census, 61 ;</subfield>
    <subfield code="v">No. 130</subfield>
  </datafield>
  <datafield tag="651" ind1=" " ind2=" ">
    <subfield code="a">Pakistan (West Pakistan)</subfield>
    <subfield code="z">Bahawalpur</subfield>
    <subfield code="v">Census, 1961</subfield>
    <subfield code="9">190647</subfield>
  </datafield>
  <datafield tag="651" ind1=" " ind2=" ">
    <subfield code="a">Pakistan (West Pakistan)</subfield>
    <subfield code="z">Bahawalpur</subfield>
    <subfield code="x">Population </subfield>
    <subfield code="v">Statistics </subfield>
    <subfield code="y">1961</subfield>
    <subfield code="9">190648</subfield>
  </datafield>
  <datafield tag="700" ind1=" " ind2=" ">
    <subfield code="a">Rashid, A. , [comp.]</subfield>
    <subfield code="9">186708</subfield>
  </datafield>
  <datafield tag="710" ind1=" " ind2=" ">
    <subfield code="a">Census organization (Pakistan)</subfield>
    <subfield code="9">186435</subfield>
  </datafield>
  <datafield tag="830" ind1=" " ind2=" ">
    <subfield code="a">census, 61 ;</subfield>
    <subfield code="v">No. 130</subfield>
    <subfield code="9">190650</subfield>
  </datafield>
  <datafield tag="942" ind1=" " ind2=" ">
    <subfield code="2">ddc</subfield>
    <subfield code="c">RAR</subfield>
  </datafield>
  <datafield tag="999" ind1=" " ind2=" ">
    <subfield code="c">64199</subfield>
    <subfield code="d">64199</subfield>
  </datafield>
  <datafield tag="952" ind1=" " ind2=" ">
    <subfield code="0">0</subfield>
    <subfield code="1">0</subfield>
    <subfield code="2">ddc</subfield>
    <subfield code="4">0</subfield>
    <subfield code="7">1</subfield>
    <subfield code="8">RARE</subfield>
    <subfield code="a">RUCL</subfield>
    <subfield code="b">RUCL</subfield>
    <subfield code="c">Rare</subfield>
    <subfield code="d">1963-03-26</subfield>
    <subfield code="e">Census Commissioner, Karachi</subfield>
    <subfield code="l">0</subfield>
    <subfield code="o">RA 304.609549021 BAH 1963(DCR)</subfield>
    <subfield code="r">2017-02-11 00:00:00</subfield>
    <subfield code="t">C-1</subfield>
    <subfield code="w">2017-02-11</subfield>
    <subfield code="y">RAR</subfield>
  </datafield>
</record>
